Community based disaster risk reduction / (Record no. 541458)
[ view plain ]
| 000 -LEADER | |
|---|---|
| fixed length control field | 00899cam a2200229 a 4500 |
| 020 ## - INTERNATIONAL STANDARD BOOK NUMBER | |
| International Standard Book Number | 0857248677 |
| 020 ## - INTERNATIONAL STANDARD BOOK NUMBER | |
| International Standard Book Number | 9780857248671 |
| 082 04 - DEWEY DECIMAL CLASSIFICATION NUMBER | |
| Classification number | 363.347 |
| Author Mark | SHA |
| -- | M-38, P-110 |
| 100 ## - MAIN ENTRY--PERSONAL NAME | |
| Personal name | Rajib Shaw.,Editor |
| 9 (RLIN) | 36357 |
| 245 00 - TITLE STATEMENT | |
| Title | Community based disaster risk reduction / |
| Statement of responsibility, etc. | edited by Rajib Shaw. |
| 250 ## - EDITION STATEMENT | |
| Edition statement | 1st ed. |
| 260 ## - PUBLICATION, DISTRIBUTION, ETC. | |
| Place of publication, distribution, etc. | Bingley [England] : |
| Name of publisher, distributor, etc. | Emerald Group Pub., |
| Date of publication, distribution, etc. | 2012. |
| 300 ## - PHYSICAL DESCRIPTION | |
| Extent | 402 p. : |
| Other physical details | ill., maps, charts ; |
| Dimensions | 24 cm. |
| 490 1# - SERIES STATEMENT | |
| Series statement | Community, environment and disaster risk management ; |
| 505 0# - FORMATTED CONTENTS NOTE | |
| Formatted contents note | pt. 1. Overview -- pt. 2. Asian experiences -- pt. 3. Central American experiences -- pt. 4. African experiences -- pt. 5. The way ahead. |
| 526 ## - STUDY PROGRAM INFORMATION NOTE | |
| Program name | 0 |
| Interest level | 0 |
| Reading level | 0 |
| Title point value | 363_347000000000000_SHA |
| 526 ## - STUDY PROGRAM INFORMATION NOTE | |
| Program name | 0 |
| Interest level | 0 |
| Reading level | 0 |
| Title point value | 363_347000000000000_SHA |
| 650 #0 - SUBJECT ADDED ENTRY--TOPICAL TERM | |
| Topical term or geographic name entry element | Emergency management |
| General subdivision | Citizen participation. |
| 9 (RLIN) | 24200 |
| 650 #0 - SUBJECT ADDED ENTRY--TOPICAL TERM | |
| Topical term or geographic name entry element | Emergency management. |
| 650 #0 - SUBJECT ADDED ENTRY--TOPICAL TERM | |
| Topical term or geographic name entry element | MCE |
| 9 (RLIN) | 379 |
| 942 ## - ADDED ENTRY ELEMENTS (KOHA) | |
| Source of classification or shelving scheme | |
| Koha item type | Book |
| Withdrawn status | Lost status | Source of classification or shelving scheme | Damaged status | Not for loan | Permanent Location | Current Location | Date acquired | Total Checkouts | Full call number | Barcode | Date last seen | Date last checked out | Copy number | Price effective from | Koha item type | Shelving location | Public note |
|---|---|---|---|---|---|---|---|---|---|---|---|---|---|---|---|---|---|
| Military College of Engineering (MCE) | Military College of Engineering (MCE) | 07/26/2013 | 4 | 363.347 SHA | MCE-47948 | 04/04/2019 | 03/13/2019 | 01 | 07/26/2013 | Book | |||||||
| Military College of Engineering (MCE) | Military College of Engineering (MCE) | 07/30/2013 | 363.347 SHA | MCE-47475 | 07/30/2013 | 02 | 07/30/2013 | Book | Reference | Original Book |
